000
00259nam a22001217a 4500
008
170324b xxu||||| |||| 00| 0 eng d
041
_a
eng
080
_2
9TH
_a
611
100
_a
6
101
_a
shm
245
_a
ANATOMY & PHYSIOLOGY
_c
MARTINI
942
_2
udc
_c
BK
999
_c
8533
_d
8533